Normal view
MARC view
- NS MUHAMMAD NAUMAN SHAKOOR NS MUHAMMAD IFTIKHAR UPPAL NS HAMZA KHURSHID
Entry Personal Name
001 - CONTROL NUMBER
- control field: 70810
003 - CONTROL NUMBER IDENTIFIER
- control field: NUST
005 - DATE AND TIME OF LATEST TRANSACTION
- control field: 20210628204545.0
008 - FIXED-LENGTH DATA ELEMENTS
- fixed length control field: 210628|| aca||aabn | a|a d
040 ## - CATALOGING SOURCE
- Original cataloging agency: NUST
- Transcribing agency: NUST
100 ## - HEADING--PERSONAL NAME
- Personal name: NS MUHAMMAD NAUMAN SHAKOOR NS MUHAMMAD IFTIKHAR UPPAL NS HAMZA KHURSHID
670 ## - SOURCE DATA FOUND
- Source citation: Work cat.: (NUST): NS MUHAMMAD NAUMAN SHAKOOR NS MUHAMMAD IFTIKHAR UPPAL NS HAMZA KHURSHID , PR-SOF-1527-DESIGN AND FABRICATION OF A HIGH MOBILITY, SIX WHEELED, SKID STEERED VEHICLE, 2016
